[Event "Provaglio Primavera op"]
[Site "Provaglio"]
[Date "2013.03.29"]
[Round "4"]
[White "Caceffo, Daniele"]
[Black "Cattaneo, Ugo"]
[Result "0-1"]
[WhiteElo "1449"]
[BlackElo "1830"]
[PlyCount "46"]
[EventDate "2013.03.08"]
[EventType "swiss"]
[EventRounds "7"]
[EventCountry "ITA"]
[SourceTitle "EXT 2014"]
[Source "ChessBase"]
[SourceDate "2013.11.20"]
[SourceVersion "1"]
[SourceVersionDate "2013.11.20"]
[SourceQuality "1"]

1. e4 e5 2. Nf3 Nc6 3. Bb5 Bc5 4. c3 Nf6 5. d4 exd4 6. cxd4 Bb6 7. Nc3 0-0 8. 0-0 d6 9. h3 Bd7 10. Bg5 h6 11. Bxf6 Qxf6 12. Nd5 Qd8 13. a4 Ba5 14. Rb1 Nb4 15. Bxd7 Qxd7 16. Nxb4 Bxb4 17. Qb3 a5 18. Ne1 Rfe8 19. f3 b5 20. Ra1 c5 21. dxc5 dxc5 22. axb5 Qxb5 23. Kh1 Qxf1+ 0-1

[Event "Brescia Province-ch"]
[Site "Ghedi"]
[Date "2013.01.27"]
[Round "2"]
[White "Caceffo, Daniele"]
[Black "Frugoni, Giulio"]
[Result "0-1"]
[WhiteElo "1419"]
[BlackElo "1627"]
[PlyCount "66"]
[EventDate "2013.01.26"]
[EventType "swiss"]
[EventRounds "6"]
[EventCountry "ITA"]
[SourceTitle "EXT 2014"]
[Source "ChessBase"]
[SourceDate "2013.11.20"]
[SourceVersion "1"]
[SourceVersionDate "2013.11.20"]
[SourceQuality "1"]

1. e4 c5 2. Nf3 d6 3. d4 cxd4 4. Nxd4 Nf6 5. Nc3 g6 6. Be2 Bg7 7. Be3 a6 8. Qd2 0-0 9. Bh6 Bxh6 10. Qxh6 Qb6 11. Nb3 Nc6 12. Rb1 Ne5 13. Qd2 Neg4 14. Bxg4 Nxg4 15. Nd5 Qd8 16. h3 Ne5 17. f4 Nc4 18. Qd4 b5 19. 0-0 Bb7 20. Rfe1 Bxd5 21. Qxd5 Rc8 22. Nd2 Qb6+ 23. Kh1 Qf2 24. Nxc4 Rxc4 25. Qb7 Rxc2 26. e5 Rfc8 27. Rg1 R8c7 28. Qxa6 dxe5 29. fxe5 Re2 30. Qxb5 Rcc2 31. Qe8+ Kg7 32. Qxe7 Qg3 33. Qd7 Rxg2 0-1